Harry Potter and The Philosopher's Stone Quotes - Statistics

General Stats
  • This quiz has been taken 484 times
  • The average score is 13 of 15
Answer Stats
Hint Answer % Correct
"It's leviOsa, not leviosA." Hermione Granger
100%
"You've got dirt on your nose, did you know? Just there." Hermione Granger
100%
"Me? Books, cleverness." Hermione Granger
100%
"What. An. Idiot." Hermione Granger
100%
"Red hair, and a hand-me-down robe? You must be a Weasley!" Draco Malfoy
98%
"What's the matter Potter? Bit beyond your reach?" Draco Malfoy
98%
"Yer a wizard, Harry." Rubeus Hagrid
98%
"Yer meddelin' with things yer ought no' ter be meddled with." Rubeus Hagrid
98%
"But.. I never get mail." Harry Potter
91%
"You don't want to be my enemy, Quirrell." Severus Snape
90%
"Alas, earwax!" Albus Dumbledore
88%
"What do they think they're doing, keeping a thing like that locked up in a school!" Ron Weasley
83%
"Bring my coffee, boy." Vernon Dursley
78%
"Anyone there, my sweet?" Argus Filch
39%
"N..not that you n..need it e..ey ey P..Potter." Quirius Quirrell
15%
No matching quizzes found
Score Distribution
Percent of People with Each Score
Percentile by Number Answered
Your Score History
You have not taken this quiz